| 000 | 00470nam a2200181 a 4500 | ||
|---|---|---|---|
| 001 | 17894 | ||
| 005 | 20180713211105.0 | ||
| 008 | 140415s1988 mx 000 0 spa d | ||
| 020 | _a9688870722 | ||
| 041 | _aspa | ||
| 082 |
_a724.8 _bBRO |
||
| 100 | 1 | _aBROWNE, ENRIQUE | |
| 245 | 1 | 0 | _aOTRA ARQUITECTURA EN AMERICA LATINA |
| 250 | _a1a ed. | ||
| 260 |
_aMEXICO : _bEDICIONES GILI, _c1988 |
||
| 300 | _a170 | ||
| 650 | 1 | 4 |
_aARQUITECTURA _xAMERICA LATINA |
| 999 |
_c17894 _d17894 |
||